Handbook of local anesthesia / (Record no. 25640)
[ view plain ]
| 000 -LEADER | |
|---|---|
| fixed length control field | 01483cam a22002655a 4500 |
| 001 - CONTROL NUMBER | |
| control field | ocn769141511 |
| 003 - CONTROL NUMBER IDENTIFIER | |
| control field | OSt |
| 005 - DATE AND TIME OF LATEST TRANSACTION | |
| control field | 20171122142425.0 |
| 008 - FIXED-LENGTH DATA ELEMENTS--GENERAL INFORMATION | |
| fixed length control field | 111212t2013 moua frb 001 0 eng d |
| 020 ## - INTERNATIONAL STANDARD BOOK NUMBER | |
| International Standard Book Number | 9780323074131 |
| 040 ## - CATALOGING SOURCE | |
| Original cataloging agency | DNLM/DLC |
| Language of cataloging | eng |
| Transcribing agency | DLC |
| Modifying agency | YDX |
| -- | NLM |
| -- | TMY |
| -- | YDXCP |
| -- | VET |
| -- | CDX |
| -- | EG-ScBUE |
| 082 04 - DEWEY DECIMAL CLASSIFICATION NUMBER | |
| Edition number | 22 |
| Classification number | 617.9676 |
| Item number | MAL |
| 100 1# - MAIN ENTRY--PERSONAL NAME | |
| Personal name | Malamed, Stanley F., |
| Dates associated with a name | 1944- |
| 9 (RLIN) | 40127 |
| 245 10 - TITLE STATEMENT | |
| Title | Handbook of local anesthesia / |
| Statement of responsibility, etc | Stanley F. Malamed. |
| 250 ## - EDITION STATEMENT | |
| Edition statement | 6th ed. |
| 260 ## - PUBLICATION, DISTRIBUTION, ETC. (IMPRINT) | |
| Place of publication, distribution, etc | St. Louis : |
| Name of publisher, distributor, etc | Elsevier / Mosby, |
| Date of publication, distribution, etc | c.2013. |
| 300 ## - PHYSICAL DESCRIPTION | |
| Extent | xv, 409 p. : |
| Other physical details | ill. ; |
| Dimensions | 28 cm. |
| 504 ## - BIBLIOGRAPHY, ETC. NOTE | |
| Bibliography, etc | Includes bibliographical references and index. |
| 505 0# - FORMATTED CONTENTS NOTE | |
| Formatted contents note | Neurophysiology -- Pharmacology of local anesthetics -- Pharmacology of vasoconstrictors -- Clinical action of specific agents -- The syringe / Mark N. Hochman -- The needle -- The cartridge -- Additional armamentarium -- Preparation of the armamentarium -- Physical and pschylogical evaluation -- Basic injection technique -- Anatomical considerations -- Techniques of maxillary anesthesia -- Techniques of mandibular anesthesia -- Supplemental injection techniques / Mark N. Hochman -- Anesthetic considerations in dental specialties -- Local complications -- Systemic complications -- Legal considerations / Daniel Orr -- Future trends in pain control / Mark N. Hochman. |
| 650 #7 - SUBJECT ADDED ENTRY--TOPICAL TERM | |
| Topical term or geographic name as entry element | Anesthesia in dentistry. |
| Source of heading or term | BUEsh |
| 650 #7 - SUBJECT ADDED ENTRY--TOPICAL TERM | |
| Topical term or geographic name as entry element | Local anesthesia. |
| Source of heading or term | BUEsh |
| 651 ## - SUBJECT ADDED ENTRY--GEOGRAPHIC NAME | |
| Source of heading or term | BUEsh |
| 653 ## - INDEX TERM--UNCONTROLLED | |
| Resource For college | |
| Arrived date list | November2017 |
| 942 ## - ADDED ENTRY ELEMENTS (KOHA) | |
| Source of classification or shelving scheme | Dewey Decimal Classification |
| Withdrawn status | Item status | Source of classification or shelving scheme | Damaged status | Not for loan | Vendor | Home library | Current library | Shelving location | Date acquired | Source of acquisition | Cost, normal purchase price | Serial Enumeration / chronology | Total Checkouts | Total Renewals | Full call number | Barcode | Date last seen | Date last borrowed | Cost, replacement price | Koha item type |
|---|---|---|---|---|---|---|---|---|---|---|---|---|---|---|---|---|---|---|---|---|
| Dewey Decimal Classification | Central Library | Central Library | First floor | 22/11/2017 | Purchase | 800.00 | 0000480 | 12 | 44 | 617.9676 MAL | 000042542 | 15/07/2025 | 03/11/2024 | 1000.00 | Book - Borrowing |